Psicopedagogía de la religiosidad desde la catequética
Պահպանված է:
| Հիմնական հեղինակ: | |
|---|---|
| Ձևաչափ: | Գիրք |
| Լեզու: | իսպաներեն |
| Հրապարակվել է: |
Santiago
Tiberíades
1999
|
| Շարք: | Colección Katejeo. Serie el Saber Hacer, 3
|
| Խորագրեր: | |
| Ցուցիչներ: |
Ավելացրեք ցուցիչ
Չկան պիտակներ, Եղեք առաջինը, ով նշում է այս գրառումը!
|
MARC
| LEADER | 00000nam a2200000 a 4500 | ||
|---|---|---|---|
| 001 | UCK1103 | ||
| 003 | CL-VaPUC | ||
| 008 | 041105e19990000CL |||||||||||||||||spa|d | ||
| 020 | |a 9567885028 | ||
| 082 | 0 | 4 | |a 268.433 |b BOR |2 21 |
| 100 | |a Borello G., Mario |e author |9 434046 | ||
| 245 | 1 | 0 | |a Psicopedagogía de la religiosidad desde la catequética |
| 300 | |a v | ||
| 942 | |c BK | ||
| 945 | |d 20041105 00:00:00 |a cmena | ||
| 260 | |a Santiago |b Tiberíades |c 1999 | ||
| 500 | |a v.2: Evolución psicoreligiosa desde la adolescencia hasta la ancianidad. Interpretaciones psicológicas y psicoanálisis del fenómeno religioso | ||
| 650 | 0 | |a Educación religiosa |9 308312 | |
| 650 | 0 | |a Catequesis |9 314526 | |
| 650 | 0 | |a Psicología educacional |9 307830 | |
| 650 | 0 | |a Juventud |9 271073 | |
| 583 | |a last modification |c 20041105 00:00:00 |k Rodrigo Vera | ||
| 490 | 0 | |a Colección Katejeo. Serie el Saber Hacer, 3 | |
| 999 | |c 311201 |d 311199 | ||
| 952 | |0 0 |1 0 |4 0 |6 268_433000000000000_BOR_1999 |7 0 |8 A |9 380507 |a BIBTEO |b BIBTEO |d 2019-11-21 |h v.2 |i 4063910 |o 268.433 BOR 1999 |p 4063910 |r 2025-01-17 |w 2019-11-21 |y BK |k ICR | ||
| 952 | |0 0 |1 0 |4 0 |6 268_433000000000000_BOR_1999 |7 0 |8 A |9 380508 |a BIBTEO |b BIBTEO |d 2019-11-21 |h v.1 |i 4063902 |o 268.433 BOR 1999 |p 4063902 |r 2025-01-17 |w 2019-11-21 |y BK |k ICR | ||